000 00268nam a2200109Ia 4500
008 240625s9999 xx 000 0 und d
041 _aeng
082 _a658.4033 AND
100 _aTHOMSON LEARNING
245 _aPROFESSIONAL CRYSTAL BALL 2000 140 DAY T
260 _c2000
999 _c33543
_d33543